00388 a2200145 4500003000400000005001700004008004100021020001800062040000900080082001900089100001300108245007100121260004100192300000900233OSt20231121140901.0231121b |||||||| |||| 00| 0 eng d a9788191016567 coclc a574.192bRAJ/B aRajan, S aBiochemistry An Exam Companion /cDr. S Rajan, Mrs. R Selvichristy aChennai:bAnjanaa book house,c2017. a234p